| 000 | 00502nam a2200157 4500 | ||
|---|---|---|---|
| 001 | 148411 | ||
| 003 | ES-MaACL | ||
| 005 | 20230906202621.0 | ||
| 007 | t| | ||
| 008 | 070214s1936 sp r ||||1| spa d | ||
| 100 | 1 |
_aStrauss, Alfred. _9108394 |
|
| 245 | 1 | 0 |
_aIntroducción al estudio de la Pedagogía terapéutica para maestros, educadores, médicos y padres de familia / _cAlfred Strauss. |
| 260 |
_aBarcelona : _bLabor, _c1936. |
||
| 300 |
_a225 p. : _bil. ; _c21 cm. |
||
| 852 |
_aES-MaACL _jA-4497 |
||
| 999 |
_c148411 _d148411 |
||